Планета людей: романы: пер. с фр.

Bibliographische Detailangaben
1. Verfasser: Сент-Экзюпери А. Антуан
Sprache:Russisch
Veröffentlicht: Киев, Молодь, 1986
Schlagworte:
Format: Buch
KOHA link:https://koha.lib.tpu.ru/cgi-bin/koha/opac-detail.pl?biblionumber=83426

MARC

LEADER 00000nam0a2200000 4500
001 83426
005 20231101213307.0
020 |a RU  |b 85-59743 
035 |a (RuTPU)RU\TPU\book\89682 
035 |a RU\TPU\book\89025 
090 |a 83426 
100 |a 20051017d1986 m y0rusy5003 ca 
101 1 |a rus  |c fre 
102 |a RU 
105 |a a z 000ay 
200 1 |a Планета людей  |e романы: пер. с фр.  |f А. Сент-Экзюпери 
210 |a Киев  |c Молодь  |d 1986 
215 |a 176 с.  |c ил. 
610 1 |a французская литература 
610 1 |a проза 
610 1 |a романы 
675 |a 84  |z rus  |v 3 
700 1 |a Сент-Экзюпери  |b А.  |c франзузский писатель  |f 1900-1944  |g Антуан  |2 stltpush  |3 (RuTPU)RU\TPU\pers\6105  |9 1197 
801 0 |a RU  |b RuMRKP  |c 19950704  |g psbo 
801 1 |a RU  |b 63413507  |c 20050913  |g PSBO 
801 2 |a RU  |b 63413507  |c 20150511  |g PSBO 
942 |c BK